Koripallon MM-kisat - Mitalistit - Statistics

Yleistilastot
  • Tätä visaa on pelattu 156 kertaa
  • Keskiarvotulos 13 / 17
Vastaustilastot
Kultaa Hopeaa Pronssia Yht. Valtio % Oikein
5 3 4 12 Yhdysvallat
98%
1 1 2 Saksa
96%
1 1 Kanada
93%
2 2 Serbia
92%
2 2 Espanja
91%
2 2 Ranska
91%
2 2 Venäjä
82%
1 2 3 Argentiina
78%
2 2 2 6 Brasilia
77%
1 1 Kreikka
75%
3 3 2 8 Neuvostoliitto
68%
1 1 Liettua
65%
1 1 Kroatia
64%
5 3 2 10 Jugoslavia
61%
1 1 Turkki
60%
2 2 Chile
36%
1 1 Filippiinit
22%
Ehtoja vastaavia visoja ei löytynyt
Tulosjakauma
Jokaisen tuloksen saaneiden osuus
Persentiili vastausten määrän mukaan
Tuloshistoriasi
Et ole pelannut tätä visaa